| 000 | 01370nam a2200385 i 4500 | ||
|---|---|---|---|
| 001 | 13736 | ||
| 003 | KOSZ 005 | ||
| 005 | 20191004142538.0 | ||
| 008 | 960606s1971 pl f |000 0 pol d | ||
| 040 |
_cKOSZ 005 _aKOSZ 005 _dKOSZ 005/HR |
||
| 041 | _apol | ||
| 046 | _k1971 | ||
| 080 | _a621.43 | ||
| 080 | _a)83.1) | ||
| 100 | 1 |
_aKossobudzki, Jerzy. _eAutor |
|
| 245 | 0 |
_aSilniki spalinowe / _cJerzy Kossobudzki, Zdzisław Okliński. |
|
| 260 |
_aWarszawa : _bZjednoczenie Przedsiębiorstw Remontowych Maszyn i Urządzeń Budownictwa, _c1971. |
||
| 300 |
_a146 stron : _brysunki ; _c21 cm. |
||
| 336 |
_2rdacontent _aTekst _btxt |
||
| 337 |
_2rdamedia _aBez urządzenia pośredniczącego _bn |
||
| 338 |
_2rdacarrier _aWolumin _bnc |
||
| 380 | _aKsiążki. | ||
| 380 | _aPublikacje dydaktyczne. | ||
| 385 |
_mPoziom nauczania _aSzkoły zawodowe |
||
| 388 | _a1901-2000 | ||
| 388 | _a1945-1989 | ||
| 490 | 1 |
_aPoradnik maszynisty ciężkich maszyn budowlanych ; _vCz. 1 ogólna, rozdz. 5 |
|
| 658 | _aInżynieria i technika | ||
| 650 | 4 | _aSilniki spalinowe | |
| 655 | 4 | _aPoradnik | |
| 700 | 1 |
_aOkliński, Zdzisław. _eAutor |
|
| 830 | _aPoradnik maszynisty ciężkich maszyn budowlanych | ||
| 856 |
_uhttp://koha.tu.koszalin.pl/cgi-bin/koha/opac-detail.pl?biblionumber=13736 _yKatalog online BPK |
||
| 942 |
_cKS _2UKD |
||
| 999 |
_c13736 _d13736 |
||